Recherche sur la décoration des tombes thébaines du Nouvel Empire : oginalités iconographiques et innovations /

محفوظ في:

المؤلف الرئيسي: El-Shahawy, Abeer (مؤلف)

التنسيق: كتاب

اللغة: French

منشور في: London : Golden House Publications, 2010.

الطبعة: Druckfassung = Print version.

سلاسل: Internet-Beitrage zur Agyptologie und Sudanarchaologie ; 13.
IBAES ; 13.

الموضوعات:

الوسوم: إضافة وسم

لا توجد وسوم, كن أول من يضع وسما على هذه التسجيلة!

رقم الطلب: DT57 .I82 v.13

LEADER 01068namaa2200301 4500
001 19149
003 OSt
005 20250611081252.0
008 130303s2010 enka g 000 0 fre d
020 |a 9781906137199 
040 |c ARCE Library 
043 |a f-ua--- 
050 4 |a DT57 .I82 v.13 
100 1 |a El-Shahawy, Abeer,  |e author 
245 1 0 |a Recherche sur la décoration des tombes thébaines du Nouvel Empire :   |b oginalités iconographiques et innovations /   |c Abeer El-Shahawy. 
250 |a Druckfassung = Print version. 
264 1 |a London :   |b Golden House Publications,   |c 2010. 
300 |a viii, 392 pages :   |b illustrations ;   |c 30 cm. 
490 1 |a Internet-Beitrage zur Agyptologie und Sudanarchaologie ;   |v 13. 
490 1 |a IBAES ;   |v 13. 
504 |a Includes bibliographical references. 
650 0 |a Tombs  |z Egypt  |z Thebes (Extinct city) 
651 0 |a Egypt  |z Thebes (Extinct city) 
830 0 |a Internet-Beitrage zur Agyptologie und Sudanarchaologie ;   |v 13. 
830 0 |a IBAES ;   |v 13. 
901 |a reviewed 
942 |c BK  |2 lcc 
999 |c 16923  |d 16923